00716nam a22002417a 4500003000200000005001700002008000200019010001300021020002200034020002600056035003300082037001700115040001500132082001600147100001800163245008000181260003300261270006300294300003200357500005100389650002400440650001000464020180803162538.00 aB-110485 c695.00a817824022 c695.00a9788178240220 aB-110485, B-110486, B-110489 bCen Lib/ Ret aDPLbENc0 a331.09bJOS aJoshi, Chitra aLost worlds :cby Chitra Joshibindian labour and its forgotten histories / aDelhibPermanent Blackc2003 aD-28, Oxford Aartments, 11, I.P. Extension bDelhie110092 axiv,359p. :c21cm(Hb)bill. aIncludes bibliographical references and index. aMigration, Internal aLabor